Social and cultural anthropology: the key concepts (Record no. 160924)
[ view plain ]
| 000 -LEADER | |
|---|---|
| fixed length control field | 00626nam a2200229Ia 4500 |
| 003 - CONTROL NUMBER IDENTIFIER | |
| control field | OSt |
| 005 - DATE AND TIME OF LATEST TRANSACTION | |
| control field | 20230424113521.0 |
| 008 - FIXED-LENGTH DATA ELEMENTS--GENERAL INFORMATION | |
| fixed length control field | 210423s2012 xx 000 0 und d |
| 020 ## - INTERNATIONAL STANDARD BOOK NUMBER | |
| International Standard Book Number | 9780415181563 |
| 040 ## - CATALOGING SOURCE | |
| Transcribing agency | AL |
| 041 ## - LANGUAGE CODE | |
| Language code of text/sound track or separate title | eng |
| 082 ## - DEWEY DECIMAL CLASSIFICATION NUMBER | |
| Classification number | 306 |
| Edition number | 23 |
| Item number | RAPN |
| 100 ## - MAIN ENTRY--PERSONAL NAME | |
| Personal name | RAPPORT (Nigel);OVERING (Joanna) |
| 9 (RLIN) | 92002 |
| 245 ## - TITLE STATEMENT | |
| Title | Social and cultural anthropology: the key concepts |
| 260 ## - PUBLICATION, DISTRIBUTION, ETC. | |
| Place of publication, distribution, etc. | London |
| Name of publisher, distributor, etc. | Routledge |
| Date of publication, distribution, etc. | 2012 |
| 300 ## - PHYSICAL DESCRIPTION | |
| Extent | xii,463 |
| Other physical details | PB |
| 365 ## - TRADE PRICE | |
| Price amount | 395 |
| Currency code | INR |
| 650 ## - SUBJECT ADDED ENTRY--TOPICAL TERM | |
| Topical term or geographic name entry element | Culture |
| 9 (RLIN) | 92003 |
| 650 ## - SUBJECT ADDED ENTRY--TOPICAL TERM | |
| Topical term or geographic name entry element | Sociology |
| 9 (RLIN) | 92004 |
| 906 ## - LOCAL DATA ELEMENT F, LDF (RLIN) | |
| a | anthropology: ; concepts ; cultural ; key ; Social |
| 942 ## - ADDED ENTRY ELEMENTS (KOHA) | |
| Source of classification or shelving scheme | Dewey Decimal Classification |
| Koha item type | Book |
| Withdrawn status | Lost status | Damaged status | Not for loan | Collection code | Home library | Current library | Date acquired | Source of acquisition | Cost, normal purchase price | Total Checkouts | Full call number | Barcode | Date last seen | Price effective from | Koha item type |
|---|---|---|---|---|---|---|---|---|---|---|---|---|---|---|---|
| MA English | St Aloysius PG Library | St Aloysius PG Library | 12/18/2012 | Higginbothams Pvt Ltd | 395.00 | 306 RAPN | PG007403 | 08/24/2022 | 04/26/2021 | Book |